Normal view MARC view
  • World Customs Organization

Entry Corporate Name

Number of records used in: 48

001 - CONTROL NUMBER

  • control field: 5917

003 - CONTROL NUMBER IDENTIFIER

  • control field: OSt

005 - DATE AND TIME OF LATEST TRANSACTION

  • control field: 20170518094542.0

008 - FIXED-LENGTH DATA ELEMENTS

  • fixed length control field: 170518|| aca||aabn | a|a d

040 ## - CATALOGING SOURCE

  • Original cataloging agency: OSt
  • Transcribing agency: OSt

110 ## - HEADING--CORPORATE NAME

  • Corporate name or jurisdiction name as entry element: World Customs Organization

670 ## - SOURCE DATA FOUND

  • Source citation: Work cat.: (OSt): WCO SAFE Framework of Standard , 2007.
Pusat Sumber Maklumat Dato' Haji Sarmin Md Hussin, Akademi Kastam Diraja Malaysia, Melaka
Tel: 06-2331106 | Faks: 06-2313787